000 00195nam a2200085Ia 4500
008 170620s9999 xx 000 0 und d
100 _aPATHAK- S.D
245 0 _aU.P LOCAL ACT
260 _bALLAHABAD LAW AGENCY
260 _c2012
999 _c30404
_d30404